000 01001nam a2200265 a 4500
001 000047920
003 DO-SdBNP
005 20250416111946.0
008 181004s1978 dr ac 000 spa d
040 _aDO-SdBNP
_bspa
_cBNPHU
041 1 7 _aspa
_heng
082 _a770.97293
_bI314s
100 1 _aLaBrucherie, Roger A.
_975478
245 1 0 _aImágenes de Santo Domingo =
_ba reminiscence of the Dominican Republic /
_cpor Roger LaBrucherie; texto español con la colaboración de Mayra Castillo Espinosa.
260 _aEl Centro, California :
_bLaBrucherie,
_c1978.
300 _a[112] p. :
_bil., mapas ;
_c18 cm.
546 _aEspañol e inglés
590 _aInentariado, 2019/VM
650 0 _aFotografía
_975479
650 4 _aRepública dominicana
_vOBRAS PICTÓRICAS
_975480
650 _aRepública dominicana
_xVida social y costumbres
_vOBRAS PICTÓRICAS
_975481
700 1 _aCastillo Espinosa, Mayra.
_975482
740 0 _aA reminiscence of the Dominican Republic
942 _2ddc
_cLBS1
999 _c47408
_d47408